000 00501cam a2200169 4500500
005 20251012032642.0
041 _afre
042 _adc
100 1 0 _aMontamat, Béatrice
_eauthor
700 1 0 _a Motoret, Laurence
_eauthor
700 1 0 _a Vieira, António
_eauthor
245 0 0 _aPages de fin
260 _c2009.
500 _a61
786 0 _nSigila | 24 | 2 | 2009-12-20 | p. 209-221 | 1286-1715
856 4 1 _uhttps://shs.cairn.info/revue-sigila-2009-2-page-209?lang=fr&redirect-ssocas=7080
999 _c1547978
_d1547978